Music Quiz

Random Music or Billboard Quiz
Score 0/60 Timer 12:00
3 Plays Today
Song Artist % Correct
Piano ManBilly Joel
90.1%
Tiny DancerElton John
89.5%
Born To RunBruce Springsteen
85%
Highway To HellAC/DC
83.9%
Fat Bottomed GirlsQueen
82.3%
Message In A BottleThe Police
81.9%
Paradise By The Dashboard LightMeat Loaf
68.9%
Detroit Rock CityKiss
67.4%
Old Time Rock And RollBob Seger And The Silver Bullet Band
62.3%
ParanoidBlack Sabbath
61.2%
Cat Scratch FeverTed Nugent
61%
ShatteredThe Rolling Stones
57.1%
Is She Really Going Out With Him?Joe Jackson
55.5%
My Best Friend's GirlThe Cars
55.2%
Tangled Up In BlueBob Dylan
54.8%
Two Tickets To ParadiseEddie Money
54%
No More Mr. Nice GuyAlice Cooper
53.8%
Over The Hills And Far AwayLed Zeppelin
49.7%
Roadhouse BluesThe Doors
49.2%
Back In The SaddleAerosmith
49%
The Jean GenieDavid Bowie
48.8%
Already GoneThe Eagles
48.5%
Foreplay/Long TimeBoston
48.4%
The SeekerThe Who
48%
Solsbury HillPeter Gabriel
47.7%
I Feel The Earth MoveCarole King
46.6%
Rust Never Sleeps
(Hey Hey, My My [Into The Black])
Neil Young And Crazy Horse
44.6%
Changes In Latitudes,
Changes in Attitudes
Jimmy Buffett
41.1%
I've Seen All Good PeopleYes
40.2%
Take Me To The RiverTalking Heads
39.6%
Song Artist % Correct
Dream PoliceCheap Trick
39.5%
Colour My WorldChicago
38.9%
Our HouseCrosby, Stills, Nash And Young
37.4%
BreakdownTom Petty And The Heartbreakers
37.2%
LoreleiStyx
35.9%
LightsJourney
35.1%
I Need A LoverJohn Cougar
32.4%
FM (No Static At All)Steely Dan
32.2%
Beautiful GirlsVan Halen
32.1%
Wild NightVan Morrison
32.1%
Lucky ManEmerson, Lake And Palmer
31.2%
Rockaway BeachThe Ramones
29.5%
VictoriaThe Kinks
25.8%
My WayElvis Presley
22.3%
Blame It On The BoogieThe Jacksons
22%
Closer To Home/I'm Your CaptainGrand Funk Railroad
21%
The Story In Your EyesThe Moody Blues
20.7%
Sail On SailorThe Beach Boys
19.7%
DreamingBlondie
19.4%
The PaybackJames Brown
18.4%
Soolaimon (African Trilogy II)Neil Diamond
17.1%
Dreadlock Holiday10cc
15.2%
Albert FlasherThe Guess Who
14.6%
Ain't Love A BitchRod Stewart
14.4%
You Turn Me On, I'm A RadioJoni Mitchell
12.5%
Dance AwayRoxy Music
9.7%
If You Wanna Get To HeavenThe Ozark Mountain Daredevils
7.7%
I Don't Need No DoctorHumble Pie
5.4%
Quiet StormSmokey Robinson
4.5%
Head FirstThe Babys
3.8%

You're not logged in!

Compare scores with friends on all Sporcle quizzes.
OR
Log In

Sporcle TV

Today on Sporcle TV


Watch our educational content, quiz creation guides, and fun videos on Sporcle TV.

Show Comments

Extras

Top Quizzes Today


Score Distribution

Paid Content

Your Account Isn't Verified!

In order to create a playlist on Sporcle, you need to verify the email address you used during registration. Go to your Sporcle Settings to finish the process.

Report this User

Report this user for behavior that violates our Community Guidelines.

Details: